Formerly dictatorial countries - Statistics

General Stats
  • This quiz has been taken 283 times
  • The average score is 41 of 59
Answer Stats
Principal Dictator Duration Country % Correct
Benito Mussolini (1922-1943) 1922-1943 Italy
100%
Joseph Stalin (1922-1952) 1918-1991 Russia
100%
Adolf Hitler (1933-1945) 1933-1945 Germany
99%
Hirohito (1926-1989) 1928-1945 Japan
98%
Francisco Franco (1939-1975) 1939-1975 Spain
97%
Mao Zedong (1949-1976) 1949- China
96%
Hô Chi Minh (1945-1969) 1945- Vietnam
95%
Fidel Castro (1959-2008) 1952- Cuba
93%
Saddam Hussein (1979-2003) 1958-2004 Iraq
93%
Kim Il-Sung (1948-1994) 1945- North Korea
93%
Ali Khamenei (1989-) 1979- Iran
88%
Nicolae Ceaușescu (1965-1989) 1947-1989 Romania
86%
Muammar Gaddafi (1969-2011) 1969-2011 Libya
85%
Wojciech Jaruzelski (1989-1990) 1944-1990 Poland
85%
Bachar Al-Assad (2000-) 1971- Syria
85%
Josip Broz Tito (1953-1980) 1945-2003 Yugoslavia
85%
Pol Pot (1975-1979) 1975-1993 Cambodia
84%
Augustino Pinochet (1973-1990) 1973-1990 Chile
84%
Philippe Pétain (1940-1944) 1940-1945 France
80%
Geórgios Papadópoulos (1967-1973) 1967-1973 Greece
80%
Abdallah (2005-2015) 1932- Saudi Arabia
79%
Hosni Mubarak (1981-2011) 1981-2011 Egypt
78%
António de Oliveira Salazar (1932-1968) 1926-1974 Portugal
77%
Park Chung-Hee (1962-1979) 1962-1987 South Korea
77%
Soeharto (1967-1998) 1967-1998 Indonesia
75%
Jean-Claude Duvalier (1971-1986) 1957-1986 Haiti
73%
Idi Amin Dada (1971-1979) 1971-1979 Uganda
73%
Denis Sassou-Nguesso (1997-) 1969- Congo-Brazzaville
72%
Mobutu Sese Seko (1965-1997) 1965-1997 Congo-Kinshasa
72%
Jorge Videla (1976-1981) 1976-1983 Argentina
70%
Enver Hoxha (1941-1985) 1946-1991 Albania
69%
Robert Mugabe (1987-) 1980- Zimbabwe
69%
Alexandre Loukachenko (1994-) 1991- Belarus
67%
Mátyás Rákosi (1948-1956) 1949-1989 Hungary
67%
Todor Jivkov (1954-1990) 1946-1990 Bulgaria
66%
Ali Abdallah Saleh (1990-2012) 1978-2012 Yemen
66%
Humberto de Alencar Castelo Branco (1964-1967) 1964-1982 Brazil
64%
Souphanouvong (1975-1986) 1975- Laos
64%
Ferdinand Marcos (1965-1986) 1965-1986 Philippines
64%
Gurbanguly Berdimuhamedow (2006-) 1990- Turkmenistan
62%
Noursoultan Nazarbayev (1990-) 1990- Kazakhstan
60%
Charles Taylor (1997-2003) 1944-2003 Liberia
60%
Ne Win (1962-1988) 1962- Burma
59%
Omar al-Bashir (1989-) 1989- Sudan
58%
Islom Karimov (1990-) 1990- Uzbekistan
58%
Gustáv Husák (1969-1987) 1948-1990 Czechoslovakia
54%
Mohammad Omar (1996-2001) 1996-2001 Afghanistan
53%
Paul Kagame (2000-) 2000- Rwanda
53%
Ben Ali (1987-2011) 1957-2011 Tunisia
53%
Alfredo Stroessner (1954-1989) 1954-1989 Paraguay
50%
Jean-Bedel Bokassa (1976-1979) 1976-2013 Central African Republic
49%
Issayas Afewerki (1993-) 1993- Eritrea
46%
José Eduardo dos Santos (1979-) 1975- Angola
42%
Hissène Habré (1982-1990) 1982- Chad
40%
Juan María Bordaberry (1972-1976) 1973-1985 Uruguay
38%
Teodoro Obiang Nguema Mbasogo (1982-) 1982- Equatorial Guinea
36%
Omar Bongo (1967-2009) 1967- Gabon
34%
Hassan Gouled Aptidon (1977-1999) 1977-1999 Djibouti
26%
Yahya Jammeh (1996-) 1996- Gambia
24%
No matching quizzes found
Score Distribution
Percent of People with Each Score
Percentile by Number Answered
Your Score History
You have not taken this quiz